[Event "Stay Safe Play From Home 280"]
[Site "Emanuel Lasker Arena"]
[Date "2020.07.06"]
[Round "2"]
[White "Ironmike"]
[Black "NeatFox"]
[Result "1-0"]
[WhiteElo "1974"]
[BlackElo "1924"]
[Annotator "TA"]
[PlyCount "67"]
[EventDate "2020.07.06"]
[EventType "swiss (blitz)"]
[WhiteTeam "SV Horst-Emscher I"]

{[%evp 9,67,47,49,40,65,34,891,902,962,866,883,891,850,802,882,758,797,719,767,765,774,762,883,772,744,745,715,681,685,638,734,737,772,771,778,749,886,870,914,917,1374,1365,1330,1314,2095,2033,29996,29997,29997,29998,29998,29996,29996,29995,29995,29996,29996,29997,29998,29997]} 1. e4 b6 2. Nf3 Bb7 3. Nc3 e6 4. d4 d6 5. Bd3 Nd7 6. O-O {B00: Queen's Fianchetto Defence, Nimzowitsch Defence.} Ne7 {was the old line (6...g6).} 7. Bg5 {[#]} Ng6 $146 {[%mdl 8192] [#]} (7... g6 $14) ({Predecessor:} 7... h6 8. Bh4 g5 9. Bg3 Bg7 10. e5 d5 11. h4 Nf5 12. Qd2 g4 13. Bxf5 exf5 {1-0 (34) Moore,H (2200)-Kagaoan,J (2013) Richmond 2015}) 8. Bxd8 $18 {White is clearly winning.} Kxd8 9. d5 Be7 10. dxe6 fxe6 11. Qd2 Rf8 12. h3 Nc5 13. Ne2 e5 14. b4 Ne6 15. c3 c5 16. bxc5 Nxc5 17. Bc4 Nxe4 18. Qe3 Nc5 19. Rad1 Kc7 20. Bd5 Rab8 21. Bxb7 Rxb7 22. Ng3 Ne6 23. Ne4 Ngf4 24. c4 Nc5 25. Nxc5 bxc5 {[#]} 26. Nxe5 $1 dxe5 27. Qxe5+ {[%mdl 64] Double Attack} Bd6 28. Qxd6+ {[%mdl 64] Double Attack. White mates.} Kc8 29. Qxf8+ Kc7 30. Qxf4+ Kb6 31. Rb1+ Ka6 32. Rxb7 Kxb7 33. Rd1 Kb6 34. Qd6+ {Black got outplayed after the opening} 1-0

[Event "Stay Safe Play From Home 280"]
[Site "Emanuel Lasker Arena"]
[Date "2020.07.06"]
[Round "2"]
[White "Haris kollari 13"]
[Black "Greblha"]
[Result "0-1"]
[WhiteElo "1812"]
[BlackElo "1935"]
[Annotator "NA"]
[PlyCount "92"]
[EventDate "2020.07.06"]
[EventType "swiss (blitz)"]

1. e4 {[%emt 0:00:01]} c6 {[%emt 0:00:00]} 2. f4 {[%emt 0:00:01]} d5 {[%emt 0:00:00]} 3. e5 {[%emt 0:00:00]} Bf5 {[%emt 0:00:01]} 4. d4 {[%emt 0:00:01]} e6 {[%emt 0:00:01]} 5. Nf3 {[%emt 0:00:01]} Ne7 {[%emt 0:00:01]} 6. c3 {[%emt 0:00:01]} Nd7 {[%emt 0:00:01]} 7. Be3 {[%emt 0:00:01]} c5 {[%emt 0:00:01]} 8. Nbd2 {[%emt 0:00:02]} Nc6 {[%emt 0:00:01]} 9. Be2 {[%emt 0:00:03]} cxd4 {[%emt 0:00:00]} 10. cxd4 {[%emt 0:00:02]} Bb4 {[%emt 0:00:01]} 11. a3 {[%emt 0:00:02]} Bxd2+ {[%emt 0:00:01]} 12. Qxd2 {[%emt 0:00:01]} O-O {[%emt 0:00:00]} 13. O-O {[%emt 0:00:01]} Nb6 {[%emt 0:00:01]} 14. g4 {[%emt 0:00:02]} Be4 {[%emt 0:00:01]} 15. Ng5 {[%emt 0:00:01]} Nc4 {[%emt 0:00:01]} 16. Bxc4 {[%emt 0:00:04]} dxc4 {[%emt 0:00:01]} 17. Nxe4 {[%emt 0:00:00]} b6 {[%emt 0:00:01]} 18. Nd6 {[%emt 0:00:01]} a5 {[%emt 0:00:03]} 19. Qg2 {[%emt 0:00:01]} Qc7 {[%emt 0:00:02]} 20. Nxc4 {[%emt 0:00:03]} Ne7 {[%emt 0:00:01]} 21. Nd6 {[%emt 0:00:01]} Nd5 {[%emt 0:00:01]} 22. Bd2 {[%emt 0:00:02]} Qc2 {[%emt 0:00:01]} 23. Bc3 {[%emt 0:00:01]} Qb3 {[%emt 0:00:06]} 24. Rac1 {[%emt 0:00:01]} Ne3 {[%emt 0:00:01]} 25. Qf2 {[%emt 0:00:02]} Nxf1 {[%emt 0:00:01]} 26. Qxf1 {[%emt 0:00:00]} Rfd8 {[%emt 0:00:02]} 27. Qd3 {[%emt 0:00:01]} Qd5 {[%emt 0:00:01]} 28. Ne4 {[%emt 0:00:03]} f5 {[%emt 0:00:01]} 29. exf6 {[%emt 0:00:02]} g6 {[%emt 0:00:02]} 30. g5 {[%emt 0:00:02]} Kf7 {[%emt 0:00:01]} 31. Ng3 {[%emt 0:00:01]} Rac8 {[%emt 0:00:03]} 32. Re1 {[%emt 0:00:01]} Qc4 {[%emt 0:00:01]} 33. Qe4 {[%emt 0:00:01]} Qd5 {[%emt 0:00:02]} 34. h4 {[%emt 0:00:01]} Qxe4 {[%emt 0:00:01]} 35. Rxe4 {[%emt 0:00:01]} a4 {[%emt 0:00:01]} 36. h5 {[%emt 0:00:01]} gxh5 {[%emt 0:00:02]} 37. Nxh5 {[%emt 0:00:01]} b5 {[%emt 0:00:01]} 38. Ng7 {[%emt 0:00:01]} h6 {[%emt 0:00:01]} 39. Nxe6 {[%emt 0:00:02]} hxg5 {[%emt 0:00:01]} 40. Nxg5+ {[%emt 0:00:01]} Kg6 {[%emt 0:00:00]} 41. f7 {[%emt 0:00:01]} Rh8 {[%emt 0:00:02]} 42. Re6+ {[%emt 0:00:01]} Kg7 {[%emt 0:00:01]} 43. d5+ {[%emt 0:00:01]} Kf8 {[%emt 0:00:01]} 44. Bxh8 {[%emt 0:00:01]} Rc7 {[%emt 0:00:02]} 45. Bf6 {[%emt 0:00:01]} Rc8 {[%emt 0:00:01]} 46. Re8+ {[%emt 0:00:01]} Rxe8 {[%emt 0:00:01] Time (Lag: Av=0.45s, max=1.8s)} 0-1

[Event "Stay Safe Play From Home 280"]
[Site "Emanuel Lasker Arena"]
[Date "2020.07.06"]
[Round "2"]
[White "Justwatch"]
[Black "Lamborghini"]
[Result "0-1"]
[WhiteElo "1717"]
[BlackElo "2247"]
[Annotator "TA"]
[PlyCount "58"]
[EventDate "2020.07.06"]
[EventType "swiss (blitz)"]

{[%evp 9,57,-3,0,-1,12,-16,-10,-18,-14,-52,-29,-64,-25,-50,-29,-67,-60,-110,-68,-404,-399,-437,-376,-432,-423,-490,-495,-557,-527,-621,-601,-729,-710,-689,-625,-777,-772,-790,-785,-1181,-760,-2905,-2709,-29983,-29984,-2811,-6237,-6844,-6118,-29999]} 1. e4 c5 2. Nf3 d6 3. Nc3 Nf6 4. Bb5+ Bd7 5. Be2 Bc6 6. d3 {[#] B50: Sicilian: 2...d6, Miscellaneous.} Nbd7 $146 ({Predecessor:} 6... g6 7. Bg5 Bg7 8. Qd2 h6 9. Be3 Nbd7 10. O-O b5 11. h3 g5 12. Nh2 e5 {0-1 (33) Stamatovic,V (1880)-Vujacic,I (2200) Podgorica 2010}) 7. Bg5 e6 8. Bh4 {The position is equal.} Be7 9. Bg3 O-O 10. O-O b5 11. a3 a5 12. Nh4 b4 13. axb4 cxb4 14. Rb1 $2 {[%mdl 8192] [#]} (14. Na4 $15) 14... bxc3 $19 15. bxc3 Qc7 16. f4 Rfb8 17. f5 e5 18. Nf3 a4 {[%cal Ba5a4,Ba4a3,Ba3a2][%mdl 32]} 19. Rxb8+ Rxb8 20. Bh4 a3 21. Qa1 Ra8 22. Rb1 a2 23. Rb2 Qa5 24. d4 Nxe4 25. dxe5 Bxh4 26. Nxh4 Qc5+ 27. Kh1 Nf2+ 28. Kg1 Nd3+ 29. Kf1 Qf2# {White did not feel at home in the position after the opening. Accuracy: White = 14%, Black = 74%.} 0-1

[Event "Stay Safe Play From Home 280"]
[Site "Emanuel Lasker Arena"]
[Date "2020.07.06"]
[Round "2"]
[White "Robk"]
[Black "GIULIO19031975"]
[Result "0-1"]
[WhiteElo "1601"]
[BlackElo "1792"]
[Annotator "NA"]
[PlyCount "54"]
[EventDate "2020.07.06"]
[EventType "swiss (blitz)"]

1. e4 {[%emt 0:00:02]} c5 {[%emt 0:00:02]} 2. Nf3 {[%emt 0:00:03]} e6 {[%emt 0:00:00]} 3. d4 {[%emt 0:00:00]} cxd4 {[%emt 0:00:00]} 4. Nxd4 {[%emt 0:00:01]} Nc6 {[%emt 0:00:00]} 5. Nc3 {[%emt 0:00:01]} Bc5 {[%emt 0:00:01]} 6. Be3 {[%emt 0:00:01]} Bxd4 {[%emt 0:00:01]} 7. Bxd4 {[%emt 0:00:01]} e5 {[%emt 0:00:00]} 8. Be3 {[%emt 0:00:01]} h6 {[%emt 0:00:01]} 9. f3 {[%emt 0:00:01]} Nf6 {[%emt 0:00:00]} 10. Be2 {[%emt 0:00:01]} O-O {[%emt 0:00:01]} 11. Qd2 {[%emt 0:00:01]} b6 {[%emt 0:00:00]} 12. O-O-O {[%emt 0:00:01]} Re8 {[%emt 0:00:02]} 13. g4 {[%emt 0:00:01]} a5 {[%emt 0:00:02]} 14. h4 {[%emt 0:00:01]} a4 {[%emt 0:00:01]} 15. g5 {[%emt 0:00:01]} Nh5 {[%emt 0:00:01]} 16. f4 {[%emt 0:00:02]} Nxf4 {[%emt 0:00:01]} 17. Bxf4 {[%emt 0:00:01]} exf4 {[%emt 0:00:00]} 18. gxh6 {[%emt 0:00:02]} a3 {[%emt 0:00:03]} 19. b3 {[%emt 0:00:02]} Qf6 {[%emt 0:00:02]} 20. hxg7 {[%emt 0:00:03]} Nb4 {[%emt 0:00:01]} 21. Kb1 {[%emt 0:00:04]} Rxe4 {[%emt 0:00:08]} 22. Bd3 {[%emt 0:00:04]} Re3 {[%emt 0:00:03]} 23. h5 {[%emt 0:00:09]} Ba6 {[%emt 0:00:01]} 24. Rh3 {[%emt 0:00:10]} Rxh3 {[%emt 0:00:05]} 25. h6 {[%emt 0:00:01]} Bxd3 {[%emt 0:00:03]} 26. cxd3 {[%emt 0:00:05]} Rxd3 {[%emt 0:00:01]} 27. h7+ {[%emt 0:00:00]} Kxg7 {[%emt 0:00:01] Time (Lag: Av=0.86s, max=2.2s)} 0-1

[Event "Stay Safe Play From Home 280"]
[Site "Emanuel Lasker Arena"]
[Date "2020.07.06"]
[Round "3"]
[White "AChessPlayer"]
[Black "VotaryRoma"]
[Result "1-0"]
[WhiteElo "2453"]
[BlackElo "2067"]
[Annotator "TA"]
[PlyCount "59"]
[EventDate "2020.07.06"]
[EventType "swiss (blitz)"]

{[%evp 9,59,21,22,0,-4,-2,84,92,88,80,74,64,201,196,397,385,372,357,360,275,259,272,226,197,417,421,393,341,339,331,311,322,458,237,239,234,291,218,327,255,386,313,556,543,560,440,452,442,527,525,518,504]} 1. g3 Nf6 2. Bg2 g6 3. Nf3 Bg7 4. O-O O-O 5. d4 d5 6. a4 {D02: 1 d4 d5 2 Nf3 sidelines, including 2...Nf6 3 g3 and 2...Nf6 3 Bf4.} c5 7. dxc5 {[#]} Nbd7 $146 {[#]} (7... Na6 $11) ({Predecessor:} 7... Na6 8. Nc3 Nxc5 9. a5 Bf5 10. Be3 Nce4 11. Bd4 Nxc3 12. Bxc3 Be4 13. Bh3 Bxf3 14. exf3 {½-½ (55) Meskovs,N (2524)-Sirosh,I (2372) Riga 2018}) 8. b4 $1 $16 {White is better.} a5 9. c3 Ne4 10. Ra3 Nxc3 ({Black should play} 10... e6 $14) 11. Rxc3 $18 {And now b5 would win.} ({And not} 11. Nxc3 axb4 12. Nxd5 bxa3 $15) 11... Bxc3 $2 {[#]} (11... axb4 12. Rc2 e6) 12. Nxc3 axb4 13. Nxd5 Nxc5 14. Bg5 ({Less strong is} 14. Nxb4 Qxd1 15. Rxd1 Be6 $18) 14... f6 15. Bh6 Re8 16. Nd4 ({Don't do} 16. Nxb4 $6 Qxd1 17. Rxd1 Rxa4 $16) 16... Ne6 $2 (16... e6) 17. Nb5 Bd7 18. Nxb4 Bxb5 19. axb5 Qxd1 20. Rxd1 Ra4 (20... Rad8 {was called for.} 21. Rb1 Rd6) 21. Nd5 (21. Bd5 $142 Rxb4 22. Bxe6+ Kh8 23. Bf7) 21... Kf7 22. Be3 Rd8 23. b6 Ra2 (23... Ra5 {is a better defense.} 24. Kf1 Rd6) 24. Bf3 g5 (24... Ng5 $142) 25. h3 Kg7 $2 (25... Ra5 26. Rd3 Rd6) 26. Rc1 {White is clearly winning.} Ra5 27. Nxe7 Rd7 28. Nc8 Ra2 29. Bg4 Kf7 30. Kg2 {Black got outplayed after the opening. Accuracy: White = 54%, Black = 32%.} 1-0

[Event "Stay Safe Play From Home 280"]
[Site "Emanuel Lasker Arena"]
[Date "2020.07.06"]
[Round "3"]
[White "Lamborghini"]
[Black "Mepe_Nika"]
[Result "0-1"]
[WhiteElo "2248"]
[BlackElo "2391"]
[Annotator "TA"]
[PlyCount "98"]
[EventDate "2020.07.06"]
[EventType "swiss (blitz)"]

{[%evp 20,97,-7,-15,-11,-27,-18,-35,-36,-42,-30,-22,13,-10,0,0,0,0,0,0,0,0,0,0,30,28,30,20,22,29,24,0,0,-31,-22,-48,-58,-262,-257,-260,-252,-816,-811,-979,-962,-6505,-6745,-11905,-1041,-11905,-9372,-6823,-6755,-29984,-6279,-29974,-29971,-29984,-29985,-29988,-29989,-29991,-29992,-29992,-29989,-29991,-29991,-29992,-29993,-29997,-29995,-29997,-29996,-29996,-29995,-29997,-29998,-29998,-29999,-29999]} 1. e4 e5 2. Nf3 Nc6 3. Bb5 a6 4. Ba4 Nf6 5. O-O Be7 6. Re1 b5 7. Bb3 O-O 8. c3 d5 9. d3 dxe4 10. dxe4 Qxd1 11. Bxd1 Be6 {C89: Closed Ruy Lopez: Marshall Attack.} 12. Bc2 h6 13. Nbd2 {[%cal Bb1d2,Bd2f1,Bf1g3][%mdl 32]} Rfd8 {Black is slightly better.} 14. Nf1 {[#]} Rd7 $146 ({Predecessor:} 14... Nd7 15. Be3 Bc5 16. b4 Bxe3 17. Nxe3 Nb6 18. a3 f6 19. Red1 Rxd1+ 20. Rxd1 Rd8 21. Rxd8+ Nxd8 22. Kf1 Kf8 23. Ke2 Ke7 24. Nd2 Nb7 25. Bb3 {½-½ (25) Boleslavsky,I-Lilienthal,A Leningrad 1947}) 15. h3 Rad8 16. Ng3 Bc5 17. b4 Bb6 18. a4 Rd6 19. axb5 axb5 20. Nf5 Bxf5 21. exf5 Re8 22. Nd2 Red8 23. Ne4 Nxe4 24. Bxe4 Ne7 25. Bc2 f6 26. Bb3+ Kh7 27. Bc2 Nd5 28. Bd2 $2 {[#] Loses the game.} (28. Ra3 $1 $15) 28... Nxb4 $1 $19 {[%mdl 576] Discovered Attack} 29. cxb4 {And now Be3 would win.} Rxd2 {[%mdl 64] Double Attack} 30. Be4 $2 (30. Red1) 30... Bxf2+ {[%mdl 64] Double Attack} 31. Kh1 Bxe1 32. Rxe1 Rd1 33. Rxd1 Rxd1+ {[%mdl 4096] Endgame KR-KB} 34. Kh2 {[#]} Rd4 $1 {[%mdl 64] Double Attack} 35. Bc6 Rxb4 36. Be8 Rb2 (36... c5 $142 37. Bg6+ Kg8 38. Bh5 c4 39. Bg4 c3 40. Bd1 {[#]} Rb2 $1 {[%mdl 512]} 41. Kg3 c2 42. Bxc2 Rxc2 43. Kf3 b4 44. Ke3 b3 45. Kd3 Rxg2 46. h4 b2 47. Kc4 b1=Q 48. Kc5 Rc2+ 49. Kd6 Qb6+ 50. Kd7 Rc7+ 51. Ke8 Qb8#) 37. Bg6+ Kh8 {Black mates.} 38. Kg3 c5 39. Kh4 c4 40. Kh5 c3 41. g4 Rc2 42. h4 Rg2 43. g5 hxg5 44. Bh7 gxh4 45. Bg8 Rg5+ 46. Kxh4 Kxg8 47. Kh3 c2 48. Kh4 c1=Q {[%cal Rc1h1]} 49. Kh3 Qh1# {Accuracy: White = 60%, Black = 91%.} 0-1

[Event "Stay Safe Play From Home 280"]
[Site "Emanuel Lasker Arena"]
[Date "2020.07.06"]
[Round "3"]
[White "SoulofWolf"]
[Black "Bardellosport"]
[Result "1-0"]
[WhiteElo "2144"]
[BlackElo "2024"]
[Annotator "TA"]
[PlyCount "77"]
[EventDate "2020.07.06"]
[EventType "swiss (blitz)"]

{[%evp 9,76,27,26,8,15,-17,-4,-14,6,-67,-74,-85,-1,-22,0,-135,0,0,0,0,0,-52,29,-49,0,-64,10,-131,-124,-114,85,0,371,382,381,377,405,401,447,447,406,366,364,362,410,399,450,406,602,575,767,740,806,797,931,912,1497,1395,1249,1231,29987,29989,29991,29992,29997,29998,29998,29992,29999]} 1. d4 d6 2. Nf3 g6 3. c4 Bg7 4. Nc3 Nd7 5. e3 e5 6. Bd3 {A41: 1 d4 d6: Tartakower System and Modern Defence.} Ne7 7. Qc2 O-O 8. O-O {[#] The position is equal.} f5 $146 ({Predecessor:} 8... Nc6 9. dxe5 dxe5 10. a3 f5 11. e4 Nc5 12. Rd1 Nxd3 13. Qxd3 Qxd3 14. Rxd3 fxe4 15. Nxe4 {0-1 (29) Schuldes,I-Austein,T Dorfen 1979}) 9. e4 (9. Be2 $11) 9... exd4 $15 10. Nb5 fxe4 (10... c5 $17 {Strongly threatening ...Ne5.} 11. Nxd6 Ne5 12. Nxe5 Qxd6) 11. Bxe4 $11 Nf6 12. Bd3 (12. Nbxd4 $11 {remains equal.} d5 13. Bxd5+ Nfxd5 14. cxd5) 12... a6 (12... c5 $17 {aiming for ...a6.} 13. Bf4 Ne8) 13. Nbxd4 c5 $36 {[%mdl 2048] White is under pressure.} 14. Ne2 Nc6 15. h3 ({Better is} 15. a3 $11) 15... Be6 (15... Nb4 $15 16. Qb3 Nxd3 17. Qxd3 d5) 16. Ng3 (16. Bd2 $11) 16... Qd7 17. Re1 (17. Bd2 $11) 17... Nd4 (17... Nb4 $15 18. Qb3 b5) 18. Qd1 {[#]} (18. Nxd4 $11 {was the only way to keep the balance.} cxd4 19. b3) 18... Nxf3+ $1 $17 19. Qxf3 {[#]} Nd5 $2 (19... Ng4 $1 $17 {stays on course.} 20. Bf5 Ne5 21. Bxe6+ Qxe6) 20. Qe2 ({White should try} 20. cxd5 $16 Rxf3 21. dxe6) 20... Nf4 $2 {[%mdl 8192] White leaves nothing to chance now.} (20... Nb4 $1 $11) 21. Bxf4 $1 $18 Rxf4 22. Qxe6+ Qxe6 23. Rxe6 Bxb2 24. Rb1 Bd4 25. Re2 Raf8 26. Ne4 ({Weaker is} 26. Rxb7 Rxf2 27. Rxf2 Rxf2 $18) 26... R8f7 27. Kf1 Be5 28. f3 g5 (28... Rd7 $142 29. Rb6 Kf8) 29. Nxg5 Rg7 30. Ne6 {[%mdl 64] Double Attack} Rgf7 31. Nxf4 Rxf4 32. Rxb7 Rd4 33. Be4 Rd1+ 34. Kf2 Bd4+ 35. Kg3 {White mates.} Be5+ 36. f4 Bf6 37. Bd5+ Kf8 38. Bc6 {[%csl Gc6][%cal Re2e8]} Rd4 39. Re8# {Accuracy: White = 42%, Black = 35%.} 1-0

[Event "Stay Safe Play From Home 280"]
[Site "Emanuel Lasker Arena"]
[Date "2020.07.06"]
[Round "3"]
[White "Ironmike"]
[Black "Justwatch"]
[Result "1/2-1/2"]
[WhiteElo "1989"]
[BlackElo "1715"]
[Annotator "TA"]
[PlyCount "36"]
[EventDate "2020.07.06"]
[EventType "swiss (blitz)"]
[WhiteTeam "SV Horst-Emscher I"]

{[%evp 9,36,-55,-50,-52,-56,-68,-55,-69,-62,-88,-70,-190,-181,-193,-92,-85,-89,-421,-416,-431,-335,-397,-317,-390,-316,-1274,-1262,-1220,-1106]} 1. e4 Nf6 2. Nf3 Nxe4 3. d4 Nf6 4. Bd3 g6 5. O-O Bg7 6. Re1 {B04: Alekhine's Defence: 4 Nf3.} O-O 7. Nc3 d6 {[#]} 8. Ne4 $146 {Black is slightly better.} ({Predecessor:} 8. h3 b6 9. b4 Bb7 10. a4 Nc6 11. Rb1 a5 12. b5 Nb4 13. Ne4 c6 14. c3 Nxd3 15. Qxd3 {0-1 (41) Karlsson,R-Elias Rivas,F IECC email 2000}) 8... Nc6 9. Bg5 Bg4 10. h3 ({White should play} 10. c3 $15) 10... Bxf3 $1 $19 11. Qxf3 d5 (11... Nxd4 $19 {is more deadly.} 12. Qe3 Nxe4 13. Bxe4 d5) 12. Nxf6+ $17 exf6 13. c3 $2 {[%mdl 8192] [#] White does not recover from this.} (13. Be3 $17) 13... fxg5 $19 14. Qg3 Qf6 15. Bb5 Ne7 {[%cal Bc6e7,Be7f5,Bf5e3][%mdl 32]} 16. Rad1 Nf5 17. Qe3 $2 {[#]} (17. Qxc7 Qd6 18. Qd7) 17... Nxe3 18. Rxe3 c6 {[%mdl 32768] Accuracy: White = 37%, Black = 69%. . An unexpected result.} 1/2-1/2

[Event "Stay Safe Play From Home 280"]
[Site "Emanuel Lasker Arena"]
[Date "2020.07.06"]
[Round "3"]
[White "Greblha"]
[Black "little champs"]
[Result "0-1"]
[WhiteElo "1947"]
[BlackElo "2227"]
[Annotator "TA"]
[PlyCount "96"]
[EventDate "2020.07.06"]
[EventType "swiss (blitz)"]

{[%evp 13,96,-1,-6,-11,0,-8,-4,-8,175,177,155,159,175,172,175,188,177,185,186,85,91,82,122,76,153,161,373,72,75,87,130,118,140,136,99,43,50,-17,-8,-516,-504,-548,-529,-552,-523,-645,-644,-1254,-1324,-1382,-1091,-2052,-1939,-6527,-1015,-995,-916,-2908,-970,-29964,-29959,-5385,-516,-29998,-29991,-29991,-29992,-29994,-29992,-29997,-29993,-29993,-29992,-29998,-29993,-29998,-29995,-29998,-29995,-29995,-29996,-29996,-29997,-29997,-29998]} 1. e4 c5 2. Nc3 d6 3. g3 Nc6 4. Bg2 Nf6 5. d3 g6 6. Be3 Bg7 7. Qc1 O-O 8. Bh6 {B26: Closed Sicilian: 3 g3, lines with early Be3.} e6 {[#]} 9. h4 $146 ({Predecessor:} 9. Bxg7 Kxg7 10. Nge2 d5 11. O-O d4 12. Nd1 e5 13. f4 Bg4 14. Qd2 Nh5 15. f5 Bxe2 16. Qxe2 {1-0 (57) Kracik,T (1938)-Pfeffer,E (1701) Zlate Hory 2006}) 9... d5 10. h5 {The position is equal.} dxe4 $2 (10... Bxh6 $11 11. Qxh6 d4 12. hxg6 fxg6) 11. Bxg7 $18 (11. Nxe4 $6 Bxh6 12. Qxh6 Ng4 $14) 11... Kxg7 12. hxg6 ({Don't take} 12. Nxe4 $6 Nxe4 13. Bxe4 g5 $14) (12. dxe4 $6 Kg8 $11) 12... fxg6 13. Qh6+ ({Of course not} 13. Nxe4 $6 h5 $14) 13... Kg8 14. Nxe4 Qe7 15. Nxf6+ Rxf6 16. Nf3 (16. O-O-O $18) 16... Nd4 $16 17. Nxd4 cxd4 18. f4 e5 (18... Qb4+ $142 19. c3 Qe7) 19. O-O-O exf4 $2 (19... Be6 {was worth a try.}) 20. gxf4 $2 (20. Rde1 $18 {has better winning chances.} Be6 21. Bd5 $1 {[%mdl 512]} (21. gxf4 Rd8 $14)) 20... Qg7 21. Qg5 Bf5 22. Rde1 {And now Bd5+ would win.} Raf8 23. Bd5+ Kh8 24. Rh2 ({White should play} 24. Rh4 $16) 24... Bd7 $1 $14 25. Rh4 (25. Reh1 $14) 25... Rf5 $11 26. Qg3 $2 {[%mdl 8192] Black converts the advantage convincingly.} (26. Qg2 $11 {and White is okay.}) 26... Rxd5 $19 27. Reh1 Rdf5 28. a3 R8f7 29. b4 Qf6 30. Qg2 Bc6 {[%mdl 64] Skewer} 31. Qe2 Bxh1 32. Qe8+ Rf8 33. Qd7 Qf7 34. Qxd4+ Qf6 35. Qd7 Qg7 36. Qd6 Bc6 37. Kd2 Rxf4 (37... Re8 $142 {( -> ...Qa1)} 38. Rh3 {[#]} Rd5 $1 {[%mdl 512]} 39. Qxd5 Bxd5 40. Re3 Rc8 41. Re5 Qf6 42. Ke3 Rf8 43. Kd2 Qxf4+ 44. Re3 Re8 45. Kc3 Qxe3 46. b5 Rc8+ 47. Kb4 Rxc2 48. Ka5 Qd4 49. a4 Qc3#) 38. b5 (38. Rxf4 $19 Re8 39. Rf6) 38... Rxh4 {Black mates.} 39. bxc6 bxc6 40. Qxc6 Rhf4 41. Qh1 g5 42. Qd5 g4 43. c4 g3 44. Qh5 g2 45. Qh2 g1=Q 46. Qxg1 Qxg1 47. Kc3 Qd4+ 48. Kb4 Rb8+ {Accuracy: White = 42%, Black = 59%.} 0-1

[Event "Stay Safe Play From Home 280"]
[Site "Emanuel Lasker Arena"]
[Date "2020.07.06"]
[Round "3"]
[White "GIULIO19031975"]
[Black "Weltszmerc"]
[Result "0-1"]
[WhiteElo "1800"]
[BlackElo "2126"]
[Annotator "NA"]
[PlyCount "106"]
[EventDate "2020.07.06"]
[EventType "swiss (blitz)"]

1. e4 {[%emt 0:00:03]} Nf6 {[%emt 0:00:00]} 2. e5 {[%emt 0:00:01]} Nd5 {[%emt 0:00:00]} 3. Nf3 {[%emt 0:00:01]} Nb6 {[%emt 0:00:00]} 4. d4 {[%emt 0:00:01]} d6 {[%emt 0:00:00]} 5. exd6 {[%emt 0:00:01]} cxd6 {[%emt 0:00:00]} 6. Bd3 {[%emt 0:00:01]} g6 {[%emt 0:00:00]} 7. O-O {[%emt 0:00:01]} Bg7 {[%emt 0:00:00]} 8. c3 {[%emt 0:00:00]} O-O {[%emt 0:00:00]} 9. h4 {[%emt 0:00:01]} Nc6 {[%emt 0:00:00]} 10. h5 {[%emt 0:00:00]} e5 {[%emt 0:00:02]} 11. h6 {[%emt 0:00:01]} Bh8 {[%emt 0:00:00]} 12. d5 {[%emt 0:00:01]} Ne7 {[%emt 0:00:01]} 13. c4 {[%emt 0:00:01]} Nf5 {[%emt 0:00:02]} 14. Bxf5 {[%emt 0:00:01]} Bxf5 {[%emt 0:00:01]} 15. Nbd2 {[%emt 0:00:02]} Rc8 {[%emt 0:00:01]} 16. b3 {[%emt 0:00:01]} e4 {[%emt 0:00:01]} 17. c5 {[%emt 0:00:10]} dxc5 {[%emt 0:00:04]} 18. Ba3 {[%emt 0:00:01]} exf3 {[%emt 0:00:02]} 19. Nxf3 {[%emt 0:00:01]} Qxd5 {[%emt 0:00:04]} 20. Qe1 {[%emt 0:00:01]} Rce8 {[%emt 0:00:02]} 21. Rd1 {[%emt 0:00:01]} Rxe1 {[%emt 0:00:03]} 22. Rxd5 {[%emt 0:00:01]} Rxf1+ {[%emt 0:00:01]} 23. Kxf1 {[%emt 0:00:01]} Be4 {[%emt 0:00:01]} 24. Rxc5 {[%emt 0:00:01]} Bxf3 {[%emt 0:00:01]} 25. gxf3 {[%emt 0:00:01]} Re8 {[%emt 0:00:02]} 26. Rc7 {[%emt 0:00:02]} Bf6 {[%emt 0:00:06]} 27. Rxb7 {[%emt 0:00:01]} Bg5 {[%emt 0:00:01]} 28. Rxa7 {[%emt 0:00:02]} Ra8 {[%emt 0:00:03]} 29. Rxa8+ {[%emt 0:00:01]} Nxa8 {[%emt 0:00:01]} 30. Bc5 {[%emt 0:00:01]} Bxh6 {[%emt 0:00:01]} 31. a4 {[%emt 0:00:01]} Bf8 {[%emt 0:00:00]} 32. Be3 {[%emt 0:00:02]} Bb4 {[%emt 0:00:01]} 33. Ke2 {[%emt 0:00:02]} f5 {[%emt 0:00:00]} 34. Kd3 {[%emt 0:00:01]} Kf7 {[%emt 0:00:00]} 35. Kc4 {[%emt 0:00:01]} Bd6 {[%emt 0:00:01]} 36. b4 {[%emt 0:00:01]} Ke6 {[%emt 0:00:01]} 37. b5 {[%emt 0:00:00]} h5 {[%emt 0:00:03]} 38. a5 {[%emt 0:00:00]} h4 {[%emt 0:00:01]} 39. f4 {[%emt 0:00:02]} h3 {[%emt 0:00:01]} 40. f3 {[%emt 0:00:01]} h2 {[%emt 0:00:00]} 41. b6 {[%emt 0:00:02]} Nxb6+ {[%emt 0:00:01]} 42. axb6 {[%emt 0:00:01]} h1=Q {[%emt 0:00:00]} 43. Bc5 {[%emt 0:00:01]} Qc1+ {[%emt 0:00:01]} 44. Kb5 {[%emt 0:00:00]} Qxc5+ {[%emt 0:00:00]} 45. Ka6 {[%emt 0:00:00]} Qc6 {[%emt 0:00:01]} 46. Ka7 {[%emt 0:00:01]} Qxf3 {[%emt 0:00:00]} 47. b7 {[%emt 0:00:00]} Qxf4 {[%emt 0:00:00]} 48. b8=Q {[%emt 0:00:01]} Bxb8+ {[%emt 0:00:00]} 49. Ka8 {[%emt 0:00:03]} Qd6 {[%emt 0:00:00]} 50. Kb7 {[%emt 0:00:01]} g5 {[%emt 0:00:00]} 51. Kc8 {[%emt 0:00:00]} g4 {[%emt 0:00:01]} 52. Kb7 {[%emt 0:00:00]} Qc7+ {[%emt 0:00:01]} 53. Ka6 {[%emt 0:00:00] GIULIO19031975 abbandona} Ba7 {[%emt 0:00:01]} 0-1